Countries most similar to Barbados - Statistics

General Stats
  • This quiz has been taken 16 times
  • The average score is 14 of 20
Answer Stats
Rank Country % Correct
6 Jamaica
93%
1 St Lucia
93%
2 St Vincent
93%
7 Bahamas
79%
11 Belize
79%
3 Grenada
79%
12 Guyana
79%
10 Haiti
79%
13 Suriname
79%
4 Trinidad and Tobago
79%
9 Cuba
71%
8 Dominica
71%
5 Antigua and Barbuda
64%
16 Panama
64%
15 Venezuela
64%
20 Brazil
57%
19 Honduras
57%
18 Nicaragua
57%
17 Costa Rica
50%
14 Colombia
43%
No matching quizzes found
Score Distribution
Percent of People with Each Score
Percentile by Number Answered
Your Score History
You have not taken this quiz